000 01362nam a2200313 a 4500
001 000007137
003 DO-SdBNP
005 20240425125855.0
007 000007137
008 090717s2017 mx 001 0 spa d
020 _z9786071649065
040 _aBPMSU
_bspa
_cBPMSU
082 4 _a923.20972
_bT693m 2017
_222
100 1 _aTorres Bodet, Jaime
_d1902-1974.
245 1 0 _aMemorias /
_cJaime Torres Bodet.
_b
260 _aMéxico :
_bFondo de Cultura Económica ;
_c2017
_b
300 _a2 volúmenes ;
_c23 cm.
490 0 _aVida y pensamiento de México
500 _aIncluye datos biográficos del autor en la solapa de la cubierta
504 _aIncluye referencias bibliográficas y notas al pie de las páginas
505 0 _av.1. Tiempo de arena -- Años contra el tiempo -- La victoria sin alas. - v.2. El desierto internacional -- La tierra prometida -- Equinoccio.
534 _pTítulo original :
_tThe nahuas after the conquest. A social and cultural history of the indians of central Mexico, sixteenth through eighteenth centuries.
590 _aInventariado, 2024/VM
600 1 4 _aTorres Bodet, Jaime,
_d1902-1974
_xPensamiento educativo
600 1 4 _aTorres Bodet, Jaime,
_d1902-1974
_xNiñez y juventud
710 2 _aFondo de Cultura Económica (México)
910 _aVMateo V. Control de calidad BPMSU
942 _2ddc
_cBK
999 _c14638
_d14638